Missing Word: Movie Taglines II Quiz Stats

 Plays Quiz Updated Mar 9, 2018

Challenge
Share
Tweet
Embed
Score 0/26 Timer 03:00
2 Plays Today
Tagline Answer % Correct
Don't go in the ________.water
96.9%
If at first you don't succeed, ________ your standards.lower
73%
On the ________. Unaware.air
66.6%
He's out to prove he's got ________ to prove.nothing
66.5%
Can two friends ________ together and still love each other in the morning?sleep
65%
________ your back.Watch
64.8%
His whole ________ was a million-to-one shot.life
63.7%
What if this guy got you ________?pregnant
62.6%
The classic story about a boy and his ________.mother
55.4%
Behind every great ________ is a great story.love
54.7%
You won't ________ your eye.believe
52.3%
Some men just can't handle ________.Vegas
42%
________? What movie?Movie
40.8%
Tagline Answer % Correct
________. It was fun while it lasted.Earth
38.8%
His ________ will touch you, even though he can't.story
38.3%
She brought a small town to its feet, and a huge __________ to its knees.corporation
35.9%
3% body fat. 1% ________ activity.brain
35.3%
A story about love at ________ sight.second
28.2%
Love is in the ________.hair
26.1%
The ________ is a man.mission
23.7%
The ________ is life.list
23.4%
Fear can hold you prisoner, ________ can set you free.hope
21.8%
________ is a thing of the past.Reality
18.4%
The first casualty of war is ________.innocence
14%
The true story of a real ________,fake
7%
________ crack up.Yule
6%

Today's Daily Dose

You're not logged in!

Compare scores with friends on all Sporcle quizzes.
Join for Free
OR
Log In

You Might Also Like...

Show Comments

Extras

Top Quizzes Today


Score Distribution

Your Account Isn't Verified!

In order to create a playlist on Sporcle, you need to verify the email address you used during registration. Go to your Sporcle Settings to finish the process.

Report this User

Report this user for behavior that violates our Community Guidelines.

Details: